| 000 | 00480nam a2200157 a 4500 | ||
|---|---|---|---|
| 001 | 000016932 | ||
| 005 | 20200929165002.0 | ||
| 008 | 100312s19uu dr c 000 0 spa d | ||
| 040 |
_aDO-SdBNP _bspa _cBNPHU |
||
| 082 |
_axxx _bS471e |
||
| 111 | 1 |
_aSeminario _d(1970 nov. 26-27-28 : _cSanto Domingo) _937436 |
|
| 245 | 0 | 3 | _aLa educación como factor de desarrollo. |
| 260 |
_aSanto Domingo : _bAcción pro desarrollo, _c190?. |
||
| 300 |
_a226 p. : _bretrs. ; _c28 cm. |
||
| 049 | _aBNPD | ||
| 999 |
_c16464 _d16464 |
||